000 00528nam a2200181Ia 4500
005 20250326142244.0
008 250326s9999 xx 000 0 und d
037 _aTextbook
040 _aFMSL
_beng
_cFMSL
041 _aeng
_2eng
084 _aX62.44 P0
_qFMSL
100 _aAsian Development Bank
245 0 _aAsian development outlook 2000
_cAsian Development Bank
260 _aNew York
_bNew York, Oxford University Press
_c2000
300 _a264p
942 _cTB
_hX62.44 P0
999 _c1294156
_d1294156